Perkembangan parti-parti politik tempatan di Kedah pada tahun 1940-an /
محفوظ في:
| المؤلف الرئيسي: | |
|---|---|
| التنسيق: | أطروحة كتاب |
| اللغة: | Malay |
| منشور في: |
1988.
|
| الموضوعات: | |
| الوسوم: |
إضافة وسم
لا توجد وسوم, كن أول من يضع وسما على هذه التسجيلة!
|
| LEADER | 01098cam a2200301 a 4500 | ||
|---|---|---|---|
| 001 | u104064 | ||
| 003 | SIRSI | ||
| 008 | 910819s1988 my at 00 1 may m | ||
| 035 | |a AAL-3392 | ||
| 040 | |a UMM | ||
| 043 | |a a-my--- | ||
| 090 | |a DS598 |b K2Fishh | ||
| 091 | |a Microilm 2791 | ||
| 100 | 0 | 0 | |a Fisol Haji Hussain. |
| 245 | 1 | 0 | |a Perkembangan parti-parti politik tempatan di Kedah pada tahun 1940-an / |c Fisol Haji Hussain. |
| 260 | 1 | |c 1988. | |
| 300 | |a xvi, [303] leaves ; |c 28 cm. | ||
| 500 | |a Also available on microfilm (negative). Kuala Lumpur : Perpustakaan Universiti Malaya, 1994. 1 reel , 35 mm. | ||
| 500 | |a Refer Microfilm 2790 | ||
| 502 | |a Dissertation (M.A.) -- Jabatan Sejarah, Universiti Malaya, 1988. | ||
| 504 | |a Bibliography: leaves 283-290. | ||
| 650 | 0 | |a Political parties |z Kedah. | |
| 651 | 0 | |a Kedah |x Politics and government. | |
| 651 | 0 | |a Kedah |x History. | |
| 710 | 2 | 0 | |a Universiti Malaya. |b Jabatan Sejarah. |
| 948 | |a 19/08/1991 |b 24/07/2002 | ||
| 596 | |a 1 | ||
| 999 | |a DS598 K2FISHH |w LC |c 1 |i A010826252 |d 15/10/2014 |e 15/10/2014 |l STACKS |m P01UTAMA |n 24 |r Y |s Y |t TESIS |u 27/9/1991 | ||
